00985cam a2200205 a 450000100100000000500170001000800410002704000250006808200160009324500810010926000460019030000240023650400730026050000210033350000320035470000400038695201680042695201680059499900170076200001483620200929163915.0060527s1987 cu a rb 001 0 spa d aDO-SdBNPbspacBNPHU axxxxbL649e10aLetra :bcultura en Cuba /cprefacio y compilación de Ana Cairo Ballester. aLa Habana :bPueblo y Educación,c1987. av. :bil. ;c22 cm. aIncluye referencias bibliográficas y notas al pie de las páginas aIncluye índice aLa biblioteca posee el v. 31 aCairo Ballester, Ana,d1949-933617 001050718MOaGRbGRcHDd2010-01-22iLF1l0ov. 1p14836-10r2020-06-25w2020-06-25y1zPerteneció a la biblioteca personal de Bárbara Suncar.ZNo se presta 001050718MOaGRbGRcHDd2019-06-14iLF1l0ov. 2p14836-20r2020-06-25w2020-06-25y1zPerteneció a la biblioteca personal de Bárbara Suncar.ZNo se presta c14416d14416